Statistics for Counties of Ireland

Click here to take the quiz!

General Stats

  • This quiz has been taken 220 times
  • The average score is 24 of 32

Answer Stats

HintAnswer% Correct
Cork
94%
Dublin
94%
Derry/Londonderry
87%
Waterford
85%
Galway
82%
Limerick
82%
Antrim
79%
Donegal
79%
Kerry
79%
Armagh
78%
Wexford
78%
Kilkenny
76%
Meath
76%
Down
75%
Fermanagh
74%
Mayo
74%
Sligo
73%
Clare
72%
Tipperary
72%
Tyrone
72%
Westmeath
71%
Wicklow
71%
Kildare
69%
Monaghan
69%
Cavan
68%
Louth
67%
Roscommon
66%
Laois
65%
Leitrim
65%
Carlow
64%
Offaly
63%
Longford
61%

Score Distribution

Percentile by Number Answered

Percent of People with Each Score

Your Score History

You have not taken this quiz